Man o salwa (من و سلویٰ) / (Record no. 617375)

000 -LEADER
fixed length control field 00372nam a2200145 4500
040 ## - CATALOGING SOURCE
Transcribing agency 0
082 ## - DEWEY DECIMAL CLASSIFICATION NUMBER
Classification number 891.4393,AHM
100 ## - MAIN ENTRY--PERSONAL NAME
Personal name Ahmed, Umera
9 (RLIN) 134394
245 ## - TITLE STATEMENT
Title Man o salwa (من و سلویٰ) /
Statement of responsibility, etc. Umera Ahmed
260 ## - PUBLICATION, DISTRIBUTION, ETC.
Place of publication, distribution, etc. Lahore
Name of publisher, distributor, etc. Ilm o Irfan
Date of publication, distribution, etc. 2017
300 ## - PHYSICAL DESCRIPTION
Extent 640 p.;
650 ## - SUBJECT ADDED ENTRY--TOPICAL TERM
Topical term or geographic name entry element Noval
9 (RLIN) 107828
651 ## - SUBJECT ADDED ENTRY--GEOGRAPHIC NAME
Geographic name Urdu
9 (RLIN) 134395
942 ## - ADDED ENTRY ELEMENTS (KOHA)
Source of classification or shelving scheme
Koha item type Fiction
Call number prefix 891.4393,AHM
Holdings
Withdrawn status Lost status Source of classification or shelving scheme Damaged status Not for loan Permanent Location Current Location Shelving location Date acquired Total Checkouts Full call number Barcode Date last seen Price effective from Koha item type
          Military College of Signals (MCS) Military College of Signals (MCS) General Stacks 05/11/2026   891.4393,AHM MCS38983 05/11/2026 05/11/2026 Fiction
© 2023 Central Library, National University of Sciences and Technology. All Rights Reserved.